Resultados y lecciones en cultivo del nogal en zona sur, proyectos en VIII Región del Bío-Bío, IX Región de la Araucanía y X Región de Los Lagos
Na minha lista:
| Corporate Authors: | , |
|---|---|
| Formato: | Livro |
| Idioma: | espanhol |
| Publicado em: |
Santiago
Fundación para la Innovación Agraria
2008
|
| Colecção: | Experiencias de Innovación para el Emprendimiento Agrario.
9 |
| Assuntos: | |
| Tags: |
Adicionar Tag
Sem tags, seja o primeiro a adicionar uma tag!
|
MARC
| LEADER | 00000nam a2200000 a 4500 | ||
|---|---|---|---|
| 001 | UCH0863 | ||
| 003 | CL-VaPUC | ||
| 005 | 20241218093524.0 | ||
| 008 | 090402e20080000CL |||||||||||||||||spa|d | ||
| 999 | |c 333059 |d 333057 | ||
| 020 | |a 9789567874835 | ||
| 040 | |c Pontificia Universidad Católica de Valparaíso | ||
| 082 | 0 | 4 | |a 634.51 FUN 2008 |2 21 |
| 110 | 2 | |a Fundación para la Innovación Agraria |9 535198 | |
| 245 | 1 | 0 | |a Resultados y lecciones en cultivo del nogal en zona sur, proyectos en VIII Región del Bío-Bío, IX Región de la Araucanía y X Región de Los Lagos |
| 260 | |a Santiago |b Fundación para la Innovación Agraria |c 2008 | ||
| 300 | |a 32 páginas | ||
| 490 | 0 | |a Experiencias de Innovación para el Emprendimiento Agrario. |v 9 | |
| 583 | |a last modification |c 20160914 11:39:00 |k Rodrigo Vera | ||
| 650 | 0 | |a Nogal (Juglans regia) |9 264620 | |
| 650 | 7 | |a NUEZ |2 CL-VaPUC |9 481586 | |
| 650 | 0 | |a Fruticultura |9 259678 | |
| 650 | 7 | |a INNOVACIONES TECNOLOGICAS |2 CL-VaPUC |9 535200 | |
| 710 | 2 | |a Ministerio de Agricultura |9 535199 | |
| 942 | |c BK |2 ddc | ||
| 945 | |d 20090402 00:00:00 |a rbrito | ||
| 952 | |0 0 |1 0 |2 ddc |4 0 |6 634_510000000000000_FUN_2008 |7 0 |8 A |9 421199 |a BIBAGR |b BIBAGR |d 2019-11-22 |i 4530705 |l 2 |m 1 |o 634.51 FUN 2008 |p 4530705 |r 2025-01-20 |s 2022-03-29 |t 1 |w 2019-11-22 |y BK |k AGR | ||